PHYSICS AND RADIOLOGY OF NUCLEAR MEDICINE (Record no. 25430)

MARC details
000 -LEADER
fixed length control field 00419nam a22001697a 4500
003 - CONTROL NUMBER IDENTIFIER
control field SGT
020 ## - INTERNATIONAL STANDARD BOOK NUMBER
International Standard Book Number 9781489986481
082 ## - DEWEY DECIMAL CLASSIFICATION NUMBER
Classification number 616.0757
Item number P13S
100 ## - MAIN ENTRY--PERSONAL NAME
Personal name SAHA, GOPAL B.
245 ## - TITLE STATEMENT
Title PHYSICS AND RADIOLOGY OF NUCLEAR MEDICINE
250 ## - EDITION STATEMENT
Edition statement 4TH
260 ## - PUBLICATION, DISTRIBUTION, ETC. (IMPRINT)
Place of publication, distribution, etc NEW YORK
Name of publisher, distributor, etc SPRINGER PUB
Year of Publication 2013
300 ## - PAGE DESCRIPTION
No. of Pages 356
650 ## - SUBJECT ADDED ENTRY--TOPICAL TERM
Topical term or geographic name as entry element RADIOLOGY
653 ## - KEYWORDS--INDEX TERM
Keyword term PHYSICS AND RADIOLOGY OF NUCLEAR MEDICINE
942 ## - ADDED ENTRY ELEMENTS (KOHA)
Source of classification or shelving scheme Dewey Decimal Classification
Koha item type Books
Holdings
Withdrawn status Lost status Source of classification or shelving scheme Damaged status Not for loan Collection code Home library Current library Shelving location Date acquired Vendor Name Cost, normal purchase price SGTU Bill Number Total Checkouts Full call number Accession No. (Barcode) Date last seen Bill Date Koha item type
    Dewey Decimal Classification   Not For Loan MEDICAL SGT Medical Library SGT Medical Library Reference Book 22/12/2023 ABC DELHI 9014.00 SGTU 17259   616.0757 P13S FM14288 22/12/2023 18/08/2023 Books